000 00460nam a22001817a 4500
003 MPLRDC
005 20220104142608.0
008 210129b ||||| |||| 00| 0 eng d
020 _a978-7-212-05873-9
082 _a415.9468 FLE
100 _aARTHUR FLEISCHMANN
245 _a凯丽的心声
_c陈书 译
250 _a一版一刷
260 _a中国
_b安徽人民出版社
_c2013
300 _b347
650 _a自闭症
942 _cBK
_o415.9468 FLE
999 _c32160
_d32150